Score 0/8 Timer 10:00
0 Plays Today
Hint Answer % Correct
how old will i be in 37 years55
100%
ded dogs namesheen
75%
how tall am i 5 foot
75%
favorite thing to drawpenis
75%
favorite #69
75%
favorite song at the momentcheeks
50%
asdfghjkl
50%
who is my booboo baby that i love so much he is my fav doggo besides sheen i miss him
0%
Remove Ads.
Support Sporcle.
Get the best of Sporcle when you Go Orange. This ad-free experience offers more features, more stats, and more fun while also helping to support Sporcle. Thank you for becoming a member.

You're not logged in!

Compare scores with friends on all Sporcle quizzes.
OR
Log In

Show Comments

Extras

Created Dec 13, 2018ReportNominate

Top Quizzes Today


Score Distribution

Your Account Isn't Verified!

In order to create a playlist on Sporcle, you need to verify the email address you used during registration. Go to your Sporcle Settings to finish the process.

Report this User

Report this user for behavior that violates our Community Guidelines.

Details: